| 000 | 00675nam a2200217Ia 4500 | ||
|---|---|---|---|
| 005 | 20250508164734.0 | ||
| 008 | 008 250505s9999 xx 000 0 eng d | ||
| 020 | _a978-81-7829-895-5 | ||
| 037 | _aTextual | ||
| 040 |
_aFEDL _beng _cFEDL |
||
| 041 |
_aeng _2eng |
||
| 084 |
_a891.439 3, MIR _qFEDL |
||
| 100 |
_aMirza Mohammad Hadi Ruswa _9779034 |
||
| 245 | 0 | _aUmrao Jan Ada: Coourtesan of Lucknow | |
| 260 |
_aNew Delhi, India _bOrient Blackswan Private Limited _c2006 |
||
| 300 | _axxiii,158p. | ||
| 365 |
_aINR _b225 |
||
| 546 | _aTr. from Urdu by Khushwant Singh and M A Husaini | ||
| 942 |
_cTEXL _h891.439 3, MIR |
||
| 999 |
_c1390844 _d1390844 |
||